| Tag |
First Indicator |
Second Indicator |
Subfields |
| LEADER |
00000cam a2200000 a 4500 |
| 001 |
in00000049001 |
| 005 |
20151007075811.0 |
| 008 |
760422s1976 nyu b 00000 engm |
| 010 |
|
|
|a 75040506
|
| 035 |
|
|
|a (OCoLC)02103813
|
| 035 |
|
|
|9 AAF3837AM
|
| 040 |
|
|
|a DLC
|c DLC
|d m.c.
|d TXA
|d UtOrBLW
|
| 043 |
|
|
|a n-us---
|
| 049 |
|
|
|a TXAM
|c [1197049]
|
| 050 |
0 |
0 |
|a HV91
|b S625
|
| 082 |
0 |
|
|a 361/.973
|
| 245 |
0 |
0 |
|a Social work in rural communities :
|b a book of readings /
|c edited by Leon H. Ginsberg.
|
| 264 |
|
1 |
|a New York :
|b Council on Social Work Education,
|c [1976]
|
| 264 |
|
4 |
|c ©1976
|
| 300 |
|
|
|a vii, 130 pages ;
|c 23 cm.
|
| 336 |
|
|
|a text
|b txt
|2 rdacontent
|
| 337 |
|
|
|a unmediated
|b n
|2 rdamedia
|
| 338 |
|
|
|a volume
|b nc
|2 rdacarrier
|
| 504 |
|
|
|a Bibliography: pages [121]-130.
|
| 650 |
|
0 |
|a Social service, Rural
|z United States.
|
| 650 |
|
0 |
|a Social work education
|z United States.
|
| 700 |
1 |
|
|a Ginsberg, Leon H.
|
| 999 |
|
|
|a MARS
|
| 999 |
f |
f |
|s 0310b41c-1234-3484-9f90-fb52f556822c
|i f13f7ec5-d545-3ded-9938-46d0514c2087
|t 0
|
| 952 |
f |
f |
|p ric
|a Texas A&M University
|b Rellis Campus
|c Joint Library Facility
|d Remote Storage
|t 0
|e HV91 S625
|h Library of Congress classification
|i unmediated -- volume
|m A14805942767
|
| 998 |
f |
f |
|a HV91 S625
|t 0
|l Remote Storage
|